A benzothiazolium-derived colorimetric and fluorescent chemosensor for detection of Hg2+ ions /
Đã lưu trong:
| Príomhúdar: | |
|---|---|
| Údair Eile: | , , , , |
| Formáid: | Bài viết |
| Teanga: | Vietnamese |
| Ábhair: | |
| Clibeanna: |
Cuir Clib Leis
Gan Chlibeanna, Bí ar an gcéad duine leis an taifead seo a chlibeáil!
|
| Thư viện lưu trữ: | Thư viện Trường Đại học Đà Lạt |
|---|
| LEADER | 00998nam a2200349 4500 | ||
|---|---|---|---|
| 001 | DLU180185292 | ||
| 005 | ##20180529 | ||
| 040 | # | # | |a DLU |b vie |
| 041 | # | # | |a vie |
| 044 | # | # | |a vn |
| 100 | # | # | |a Doan Thanh Nhan. |
| 245 | # | # | |a A benzothiazolium-derived colorimetric and fluorescent chemosensor for detection of Hg2+ ions / |c Doan Thanh Nhan, ...[et al.]. |
| 653 | # | # | |a Benzothiazolium |
| 653 | # | # | |a Chemosensor |
| 653 | # | # | |a Colorimetric |
| 653 | # | # | |a Fluorescent |
| 653 | # | # | |a Hg2+ ions |
| 700 | # | # | |a Duong Tuan Quang. |
| 700 | # | # | |a Nguyen Chi Bao. |
| 700 | # | # | |a Nguyen Khoa Hien. |
| 700 | # | # | |a Nguyen Thi Ai Nhung. |
| 700 | # | # | |a Nguyen Van Binh. |
| 773 | # | # | |t Hóa học |g Số 6, 2016, tr. 692-698 |
| 920 | # | # | |a Phòng Tạp chí -- Trung tâm Thông tin - Thư viện Trường Đại học Đà Lạt |
| 994 | # | # | |a DLU |
| 900 | # | # | |a True |
| 911 | # | # | |a Hoàng Thị Huyền |
| 925 | # | # | |a G |
| 926 | # | # | |a A |
| 927 | # | # | |a BB |
| 980 | # | # | |a Thư viện Trường Đại học Đà Lạt |